Základy soudního lékařství

Bibliographic Details
Main Author: Tesař, Jaromír (Author)
Format: Book
Language:Undetermined
PhysicalDescription:143 s.
Published: Praha Státní pedagogické nakladatelství 1988

MARC

LEADER 00000nam a2200000 a 4500
001 vtls001298050
003 SK-MaSNL
005 20260416165417.0
008 240318s1988 xx 0 und
035 |a SNK000249973 
040 |a SNK  |b slo  |c SNK  |e AACR2 
100 1 |a Tesař, Jaromír  |4 aut  |9 442982 
245 1 0 |a Základy soudního lékařství 
260 |a Praha  |b Státní pedagogické nakladatelství  |c 1988 
300 |a 143 s. 
958 |a OND 
999 |c 1058639  |d 1060569 
952 |t P60, <04>, [BOOK], {604}  |a SNK  |b SNK  |y VYP  |7 0  |p 17A0358746  |o snkIB 60283 D1  |0 0  |1 1  |4 0  |d 1997-08-06  |l 0  |r 2005-01-02 00:00:00  |w 2026-02-24 
952 |t P60, <04>, [BOOK], {604}  |a SNK  |b SNK  |y VYP  |7 0  |p 17A0111314  |o snkIB 60283  |0 0  |1 0  |4 0  |d 1997-12-03  |l 0  |r 2005-01-02 00:00:00  |w 2026-02-24